书目信息 |
| 题名: |
草根金融
|
|
| 作者: | 王曙光 著 | |
| 分册: | ||
| 出版信息: | 北京 中国发展出版社 2008 |
|
| 页数: | 227页 | |
| 开本: | 24cm | |
| 丛书名: | ||
| 单 册: | ||
| 中图分类: | F832.35 | |
| 科图分类: | ||
| 主题词: | 民间经济团体--金融机构--研究--中国 , 民间经济团体 , 金融机构 | |
| 电子资源: | ||
| ISBN: | 978-7-80234-127-2 | |
| 000 | 00941nam0 2200253 45 | |
| 001 | 1034552351 | |
| 005 | 20100319083625.32 | |
| 010 | @a978-7-80234-127-2@dCNY28.00 | |
| 100 | @a20100311d2008 em y0chiy50 ea | |
| 101 | 0 | @achi |
| 102 | @aCN@b110000 | |
| 105 | @aa z 000yy | |
| 106 | @ar | |
| 200 | 1 | @a草根金融@ACao Gen Jin Rong@f王曙光著@FWang Shu Guang Zhu |
| 210 | @a北京@c中国发展出版社@d2008 | |
| 215 | @a227页@c照片@d24cm | |
| 330 | @a本书收入经济学随笔和演讲33篇,共分三辑。第一辑“农村金融谈屑”是一组探讨农村金融的学术随笔;第二辑“演讲与访谈”收录作者在各地所做的关于农村金融的演讲及报刊访谈;第三辑“经济学与人文”对经济学与经济学家的人文关怀和科学精神进行了深入探讨。 | |
| 606 | 0 | @a民间经济团体@x金融机构@x研究@y中国 |
| 606 | 0 | @a民间经济团体 |
| 606 | 0 | @a金融机构 |
| 690 | @aF832.35@v4 | |
| 701 | 0 | @a王曙光@AWang Shu Guang@f(1971~)@4著 |
| 801 | 0 | @aCN@bTANGWEI@c20100319 |
| 905 | @b0586195-97@dF832.35@e69@f3 | |
| 草根金融/王曙光著.-北京:中国发展出版社,2008 |
| 227页:照片;24cm |
| ISBN 978-7-80234-127-2:CNY28.00 |
| 本书收入经济学随笔和演讲33篇,共分三辑。第一辑“农村金融谈屑”是一组探讨农村金融的学术随笔;第二辑“演讲与访谈”收录作者在各地所做的关于农村金融的演讲及报刊访谈;第三辑“经济学与人文”对经济学与经济学家的人文关怀和科学精神进行了深入探讨。 |
| ● |
| 相关链接 |
|
|
|
|
正题名:草根金融
索取号:F832.35/69
 
预约/预借
| 序号 | 登录号 | 条形码 | 馆藏地/架位号 | 状态 | 备注 |
| 1 | 0586195 | 205861959 | 第一样本阅览室/ [索取号:F832.35/69] | 在馆 | |
| 2 | 0586196 | 205861968 | 密集书库-海洋学院/ [索取号:F832.35/69] | 在馆 | |
| 3 | 0586197 | 205861977 | 第一借阅区/ [索取号:F832.35/69] | 在馆 |